| 000 | 00417nam a2200181Ia 4500 | ||
|---|---|---|---|
| 001 | 23173 | ||
| 005 | 20260414150920.0 | ||
| 008 | 260414t2016||||xx |||||||||||||| ||spa|| | ||
| 041 | _aESP | ||
| 082 |
_a625.7 _bR77 |
||
| 100 |
_aRogers, Martin _eAUT |
||
| 245 | 0 |
_aHighway engineering _b |
|
| 260 | _c2016 | ||
| 300 |
_axiii, 405 páginas : _c24 cm. |
||
| 650 | _a0 | ||
| 654 | _aCIC | ||
| 942 |
_cLIB _dJUS _fJUS _2ddc _n |
||
| 999 |
_c23173 _d23173 |
||